| 000 | 00480cam a2200193ua 4500 | ||
|---|---|---|---|
| 020 | _cRs 18.00 | ||
| 041 |
_aeng _h |
||
| 082 |
_a028.71624 _bKHA/IN |
||
| 100 | _aKhanna, P N . | ||
| 245 |
_aIndian practical civil engineers handbook / _cP N Khanna. _hTextual Documents |
||
| 250 |
_a14 / _b. |
||
| 260 |
_aAmbala : _bTribune Press , _c1963. |
||
| 300 | _a ; . | ||
| 365 | _aRs 18.00 | ||
| 504 | _a | ||
| 942 | _cBK | ||
| 999 |
_c3842 _d3842 |
||